Ciudadanía 2 ES : (Registro nro. 1040)
[ vista simple ]
| 000 -LEADER | |
|---|---|
| fixed length control field | 01639nam a2200337 a 4500 |
| 003 - CONTROL NUMBER IDENTIFIER | |
| control field | AR-BaBN |
| 005 - DATE AND TIME OF LATEST TRANSACTION | |
| control field | 20260629162656.0 |
| 007 - PHYSICAL DESCRIPTION FIXED FIELD--GENERAL INFORMATION | |
| fixed length control field | ta |
| 008 - FIXED-LENGTH DATA ELEMENTS--GENERAL INFORMATION | |
| fixed length control field | 180604s2020 ag ado |r 00| 0 spa d |
| 020 ## - INTERNATIONAL STANDARD BOOK NUMBER | |
| International Standard Book Number | 9789500125000 |
| 040 ## - CATALOGING SOURCE | |
| Original cataloging agency | AR-BaBN |
| Language of cataloging | spa |
| Transcribing agency | AR-RoUNCS |
| 245 00 - TITLE STATEMENT | |
| Title | Ciudadanía 2 ES : |
| Remainder of title | formación ética y ciudadana : el Estado, la constitución nacional, ciudadanía política, convivencia / |
| Statement of responsibility, etc. | María Martina Sosa ... [et al.]. |
| 260 ## - PUBLICATION, DISTRIBUTION, ETC. | |
| Place of publication, distribution, etc. | San Isidro : |
| Name of publisher, distributor, etc. | Estrada, |
| Date of publication, distribution, etc. | c2020. |
| 300 ## - PHYSICAL DESCRIPTION | |
| Extent | 143 p. : |
| Other physical details | il. col., diagrs., fot., tablas ; |
| Dimensions | 28 cm. + |
| Accompanying material | 1 cuadernillo de actividades (32 p. ; 24 cm.) |
| 490 0# - SERIES STATEMENT | |
| Series statement | Nuevo Huellas |
| 505 2# - FORMATTED CONTENTS NOTE | |
| Formatted contents note | Bloque I: Estado, gobierno y participación -- 1. Poder y poder político -- 2. El Estado -- 3. La Constitución nacional -- 4. Federalismo y autonomías provinciales -- 5. Ciudadanía y participación -- Bloque II: Derechos -- 6. Los derechos hoy -- 7. Garantías -- Bloque III: Igualdad y diferencias -- 8. Diferencias y desigualdades -- 9. La discriminación -- Bloque IV: El cuidado de uno mismo y de los otros -- 10. Convivencia y conflictos en los vínculos sociales. |
| 521 2# - TARGET AUDIENCE NOTE | |
| Target audience note | Segundo año de Educación Secundaria. |
| 650 #7 - SUBJECT ADDED ENTRY--TOPICAL TERM | |
| Topical term or geographic name entry element | Educación cívica |
| Source of heading or term | embne |
| 655 #7 - INDEX TERM--GENRE/FORM | |
| Genre/form data or focus term | Libros de texto |
| Source of term | embne |
| 700 1# - ADDED ENTRY--PERSONAL NAME | |
| Personal name | Sosa, María Martina |
| 700 1# - ADDED ENTRY--PERSONAL NAME | |
| Personal name | Younis Moreno, María Eugenia |
| 700 1# - ADDED ENTRY--PERSONAL NAME | |
| Personal name | Hurrell, Silvia |
| 700 1# - ADDED ENTRY--PERSONAL NAME | |
| Personal name | Stella, María Elena |
| 700 1# - ADDED ENTRY--PERSONAL NAME | |
| Personal name | Marrone, Irene |
| 700 1# - ADDED ENTRY--PERSONAL NAME | |
| Personal name | Ramírez Llorens, Fernando, |
| Dates associated with a name | 1974- |
| 700 1# - ADDED ENTRY--PERSONAL NAME | |
| Personal name | Marrone, Laura Enda |
| 700 1# - ADDED ENTRY--PERSONAL NAME | |
| Personal name | Pierri, Carla |
| 700 1# - ADDED ENTRY--PERSONAL NAME | |
| Personal name | Riveros, Brenda |
| 700 1# - ADDED ENTRY--PERSONAL NAME | |
| Personal name | Rojtenberg, Carolina |
| 942 ## - ADDED ENTRY ELEMENTS (KOHA) | |
| Source of classification or shelving scheme | Universal Decimal Classification |
| Koha item type | Obra General |
| Suppress in OPAC | No |
| Withdrawn status | Lost status | Source of classification or shelving scheme | Damaged status | Not for loan | Collection | Home library | Current library | Date acquired | Source of acquisition | Total checkouts | Full call number | Barcode | Date last seen | Price effective from | Koha item type |
|---|---|---|---|---|---|---|---|---|---|---|---|---|---|---|---|
| Universal Decimal Classification | Colección General | Biblioteca Escuela de Ciencias Sociales | Biblioteca Escuela de Ciencias Sociales | 04/06/2026 | Donación 2026 | 32(07) C581 | 001527 | 04/06/2026 | 04/06/2026 | Obra General |